000 00640cam a2200193 a 4500
001 000019021
005 20200929165914.0
008 770406s1937 xxu 000 0 eng d
040 _aDO-SdBNP
_beng
_cLC
_dBNPHU
050 0 0 _aBV1522
_b.G7
082 _ann*
_bG852l
100 1 _aGriffis, Sue (Randolph)
_d1893-
_940926
245 1 0 _aLamps for worship :
_ba year of worship programs for young people /
_cSue Randolph Griffis.
260 _aCincinnati, O. :
_bThe Standard Publishing Company,
_c1937.
300 _a200 p. ;
_c21 cm.
650 0 _aWorship (religious education)
_940927
910 _aCatalogación derivada / LC
049 _aBNGR
999 _c18539
_d18539